000 00636nam a2200205 i 4500
001 69148
003 ES-MaACL
005 20250927125333.0
007 t|
008 031205s1909 fr ||||1| fre d
100 1 _aMartin-Mamy, Eugéne.
_977551
245 1 0 _aMarcelle Tinayre
_b: biographie... /
_cpar Martin-Mamy.
260 _aParis :
_bE. Sansot,
_c1909.
300 _a43 p. :
_bretr. ;
_c19 cm.
490 1 _aLes célébrités d'aujourd'hui
600 1 4 _aTinayre, Marcelle,
_d1872-1948-
_xBiografías
_9110302
830 0 _aLes célébrités d'aujourd'hui
_9180788
852 _aES-MaACL
_jD-761(3)
999 _c69148
_d69148